000 00301nam a2200133Ia 4500
008 100204s9999 xx 000 0 und d
082 _b22358
100 _aVERNON THOMAS
245 _aAESOP'S FABLES
260 _bHH
_c1991
630 _aAESOP'S FABLES
730 _aAESOP'S FABLES
942 _cBOOK
999 _c467470
_d467467